[Event "Uppsala op"]
[Site "Uppsala"]
[Date "2023.08.11"]
[Round "5"]
[White "Jansson, Joel"]
[Black "Akeborg, Jonatan"]
[Result "0-1"]
[WhiteElo "1251"]
[BlackElo "1671"]
[PlyCount "88"]
[EventDate "2023.08.07"]
[EventType "swiss"]
[EventRounds "7"]
[EventCountry "SWE"]
[SourceTitle "CBM 215 Extra"]
[Source "ChessBase"]
[SourceDate "2023.09.30"]
[SourceVersion "1"]
[SourceVersionDate "2023.09.30"]
[SourceQuality "1"]

1. d4 Nf6 2. c4 e6 3. Nc3 Bb4 4. Qc2 c5 5. dxc5 Bxc5 6. Nf3 Nc6 7. Bg5 h6 8. Bh4 b6 9. e3 Bb7 10. Be2 Be7 11. 0-0 g5 12. Bg3 d6 13. Nb5 Qb8 14. Rfd1 e5 15. Qd3 e4 16. Nxd6+ Bxd6 17. Qxd6 Qxd6 18. Rxd6 exf3 19. Bxf3 Ke7 20. Bxc6 Bxc6 21. Rxc6 Rhd8 22. Be5 Ng4 23. Bd4 Kd7 24. h3 Kxc6 25. hxg4 Rd6 26. Kh2 a5 27. Kg3 Rad8 28. Rc1 Re6 29. a3 a4 30. Rh1 b5 31. cxb5+ Kxb5 32. Rc1 Rc6 33. Rxc6 Kxc6 34. Kf3 Kd5 35. Bc3 Re8 36. Bd4 Kc4 37. Bg7 Re6 38. Bd4 Kd3 39. Bc5 Rc6 40. Bd4 Rc2 41. Bc3 Kc4 42. Kg3 Rxc3 43. bxc3 Kxc3 44. f4 Kb3 0-1